000 01154nkm a2200289 i 4500
001 3337
003 ES-MaACL
005 20250713062643.0
007 khrbo
008 051014s1984 sp --- g |001||spa d
100 0 _aAlfonso,
_d1902-1990
_919858
245 1 0 _aRecital de canto a cargo de Slastenko, L. Lomova y V. Sidelnikov y T. Fedorov [
_hFotografía] /
_cAlfonso (sello).
260 _a[S.l. :
_bs.n.],
_c1984.
300 _a4 fot. :
_bb. y n. ;
_c12 x 18 cm.
500 _aDatos basados en invitación.
511 0 _aIntervienen: Slastenko, L. Lomova, V. Sidelnikov, T. Fedorov.
518 _aActo organizado por el Ateneo de Madrid, celebrado en el salón de actos el miércoles, 2 de mayo de 1984, a las 22:00 h.
600 1 4 _aSlastenko.
_9106765
600 1 4 _aLomova, L.
_973207
600 1 4 _aSidelnikov, V.
_9106201
600 1 4 _aFedorov, T.
_949079
610 2 4 _aAteneo de Madrid-
_xActos culturales-
_y1984-
_vFotografías.
_91898
710 2 _aAteneo de Madrid.
_91875
852 _aES-MaACL
_jFOT 44/1984
856 4 _uhttp://www.ateneodemadrid.net/biblioteca_digital/imagenes/1984/0044-1984.jpg
_zVer imagen
999 _c3337
_d3337